Gérone - Choix multiples - Statistiques

Statistiques générales
  • Ce quiz a été pris 18 fois
    17 depuis la dernière actualisation
  • Le résultat moyen est 5 sur 10
Statistiques - réponses
Question Réponse % Correct
Quel est le nom de la ville en catalan ? Girona
81%
Quel célèbre homme politique espagnol fut maire de la ville entre 2011 et 2016 ? Carles Puigdemont
75%
Quelle célèbre série a été en partie filmée à Gérone ? Game of Thrones
56%
Quel est le thème principal du festival qui a lieu chaque année en mai à Gérone depuis 1954 ? Les fleurs
56%
Pourquoi le saint patron de Gérone est-il connu comme étant le "saint des mouches" ? Des mouches auraient chassé des envahisseurs en train de profaner son tombeau.
50%
Lesquels de ces remparts sont ceux de Gérone ?
44%
Quel monarque européen prit la ville de Gérone en 785 ? Charlemagne
44%
Quel nom porte le quartier juif historique de la ville ? El Call
38%
Que mangez-vous si vous essayez un xuixo ? Une viennoiserie cylindrique enrobée de sucre et fourrée à la crème.
38%
Quel fleuve traverse Gérone et se jette dans la Méditerranée non loin de la ville ? Le Ter
25%
Aucun quiz correspondant
Distribution des résultats
% des personnes avec chaque résultat
Percentile par nombre de réponses
Votre historique - résultats
Vous n’avez pas pris ce quiz depuis la dernière actualisation